000 00503nam a2200193Ia 4500
003 GCL
008 140319s9999 xx 000 0 ara d
040 _aGCL /
_cGCL
082 0 4 _a813.03
_bر ر
100 1 _aرشدى صالح
245 1 0 _aرجل فى القاهرة /
_cرشدى صالح
300 _a145 ص
490 _aكتب للجميع
_v0
650 0 4 _aالادب العربى
650 0 4 _aالقصص العربية
650 0 4 _aالادب
650 0 4 _aالقصص
942 _2ddc
_cBK
999 _c40909
_d40909